<?xml version="1.0" encoding="UTF-8"?><?xml-stylesheet type="text/xsl" href="static/style.xsl"?><OAI-PMH xmlns="http://www.openarchives.org/OAI/2.0/" xmlns:xsi="http://www.w3.org/2001/XMLSchema-instance" xsi:schemaLocation="http://www.openarchives.org/OAI/2.0/ http://www.openarchives.org/OAI/2.0/OAI-PMH.xsd"><responseDate>2026-06-01T01:04:43Z</responseDate><request verb="GetRecord" identifier="oai:riuma.uma.es:10630/38677" metadataPrefix="marc">https://riuma.uma.es/rest/oai/request</request><GetRecord><record><header><identifier>oai:riuma.uma.es:10630/38677</identifier><datestamp>2026-02-03T12:48:25Z</datestamp><setSpec>com_10630_4046</setSpec><setSpec>com_10630_10</setSpec><setSpec>col_10630_37938</setSpec></header><metadata><record xmlns="http://www.loc.gov/MARC21/slim" xmlns:dcterms="http://purl.org/dc/terms/" xmlns:doc="http://www.lyncode.com/xoai" xmlns:xsi="http://www.w3.org/2001/XMLSchema-instance" xsi:schemaLocation="http://www.loc.gov/MARC21/slim http://www.loc.gov/standards/marcxml/schema/MARC21slim.xsd">
   <leader>00925njm 22002777a 4500</leader>
   <datafield ind2=" " ind1=" " tag="042">
      <subfield code="a">dc</subfield>
   </datafield>
   <datafield ind2=" " ind1=" " tag="720">
      <subfield code="a">De la Morena Fernández, Álvaro Miguel</subfield>
      <subfield code="e">author</subfield>
   </datafield>
   <datafield ind2=" " ind1=" " tag="260">
      <subfield code="c">2015</subfield>
   </datafield>
   <datafield ind2=" " ind1=" " tag="520">
      <subfield code="a">La comunicación que presento es un proyecto desarrollado dentro del marco de mi&#xd;
prácticum II del Grado de Pedagogía realizadas en La Factoría Consulta + Gabinete.&#xd;
Este centro educativo trabaja desde la Creatividad y la Resiliencia.&#xd;
La directora del centro me presentó la oportunidad de realizar una formación para&#xd;
todo profesional de los campos de la Educación y el Deporte; y también un taller para&#xd;
niños donde se utilizará el deporte y el coaching como ejes principales. Esta idea surge&#xd;
debido a mi ámbito profesional: pedagogo deportivo y entrenador de baloncesto de&#xd;
niños con edades comprendidas entre 5 y 16 años. Esto me lleva a tener un perfil como&#xd;
educador más amplio y a unir ambos campos profesionales: el Deporte y la Educación.</subfield>
   </datafield>
   <datafield ind1="8" ind2=" " tag="024">
      <subfield code="a">978-84-606-8099-4</subfield>
   </datafield>
   <datafield ind1="8" ind2=" " tag="024">
      <subfield code="a">https://hdl.handle.net/10630/38677</subfield>
   </datafield>
   <datafield tag="653" ind2=" " ind1=" ">
      <subfield code="a">Investigación activa en educación</subfield>
   </datafield>
   <datafield tag="653" ind2=" " ind1=" ">
      <subfield code="a">Enseñanza - Innovaciones</subfield>
   </datafield>
   <datafield tag="653" ind2=" " ind1=" ">
      <subfield code="a">Creatividad (Educación)</subfield>
   </datafield>
   <datafield ind2="0" ind1="0" tag="245">
      <subfield code="a">Educar a través del Juego: Experiencias creativas educativas mediante actividades deportivas.</subfield>
   </datafield>
</record>
</metadata></record></GetRecord></OAI-PMH>